000 00536nam a2200181Ia 4500
005 20250508161601.0
008 008 250505s9999 xx 000 0 eng d
037 _aTextual
040 _aFEDL
_beng
_cFEDL
041 _aeng
_2eng
084 _a910.7, NCE
_qFEDL
245 0 _aAustralia and Americas : A geography textbook for middle schools Part 2
245 0 _cNational Council of Educational Research and Training
260 _c1970
300 _a209p.
942 _cTEXL
_h910.7, NCE
999 _c1370918
_d1370918